000 00243nam a2200097Ia 4500
008 240331s9999 xx 000 0 und d
082 _a294.5
_bHAU
100 _aHaughton, G.C
245 0 _aManava darma sastra :
_bor the institute of manu
942 _cL
999 _c936
_d936